| 000 | 00564nam a22001937a 4500 | ||
|---|---|---|---|
| 003 | OSt | ||
| 005 | 20160509104211.0 | ||
| 008 | 160509b xxu||||| |||| 00| 0 eng d | ||
| 010 | _a2009930489 | ||
| 020 | _a9780716761211 | ||
| 040 | _cn/a | ||
| 050 |
_aQD31.3 _b.G85 2010 |
||
| 100 | _aGuinn,Denise | ||
| 245 |
_aEssentials of general,organic,and biochemistry:an integrated approach _cDenise Guinn, and Rebecca Brewer |
||
| 250 | _acomplimentary copy | ||
| 260 |
_aNew York _bW.H.Freeman _cc2010 |
||
| 300 |
_axxx,592[58]p _bcol,ill _c29cm |
||
| 942 |
_2lcc _cBK |
||
| 999 |
_c253310 _d253309 |
||